Finding legal information (Record no. 103088)

MARC details
000 -LEADER
fixed length control field 00773cam a2200205 4500
008 - FIXED-LENGTH DATA ELEMENTS--GENERAL INFORMATION
fixed length control field 030922n2003 000 0 eng u
020 ## - INTERNATIONAL STANDARD BOOK NUMBER
International Standard Book Number 1843340453
035 ## - SYSTEM CONTROL NUMBER
System control number (Sirsi) u123675
041 ## - LANGUAGE CODE
Language code of text/sound track or separate title eng
050 ## - LIBRARY OF CONGRESS CALL NUMBER
Classification number 016.34
-- 18
100 ## - MAIN ENTRY--PERSONAL NAME
Personal name Pester, David
245 ## - TITLE STATEMENT
Title Finding legal information
Remainder of title a guide to print and electronic sources
260 ## - PUBLICATION, DISTRIBUTION, ETC.
Place of publication, distribution, etc. Oxford
Name of publisher, distributor, etc. Chandos
Date of publication, distribution, etc. 2003
300 ## - PHYSICAL DESCRIPTION
Extent xxiii, 283p.
Dimensions 24cm.
350 ## - PRICE (NR) (BK AM CF MU VM SE) [OBSOLETE]
Price 39
520 ## - SUMMARY, ETC.
Summary, etc. This text provides a practical, general guide to legal information sources, both electronic and print based, concentrating mainly on British and European law. Includes important legal developments such as civil procedure reform, devolution and human rights law.
650 ## - SUBJECT ADDED ENTRY--TOPICAL TERM
Topical term or geographic name entry element LEGAL RESOURCES
690 ## - LOCAL SUBJECT ADDED ENTRY--TOPICAL TERM (OCLC, RLIN)
Topical term or geographic name as entry element UK LAW
942 ## - ADDED ENTRY ELEMENTS (KOHA)
Suppress in OPAC 0
Holdings
Withdrawn status Lost status Source of classification or shelving scheme Damaged status Not for loan Home library Current library Shelving location Date acquired Cost, normal purchase price Total Checkouts Full call number Barcode Date last seen Copy number Cost, replacement price Price effective from Koha item type
    Other/Generic Classification Scheme     London London Books 01/12/2003 33.15   016.34 PES 30068870 06/08/2019 1 33.15 06/08/2019 Book